000 01414cam a2200349 4500
008 090401t1992 xxu||||| |||| 00| 0 eng d
020 _a0419181407
035 _a(Sirsi) u27487
041 _aeng
050 _a692.8
110 _aUniversity of Manchester Institute of Science and Technology
_9523
245 _aConstruction conflict management and resolution: proceedings of the First International Construction Management Conference, the University of Manchester Institute of Science and Technology (UMIST), 25-27 September 1992.
260 _aLondon
_bE & FN Spon
_c1992
300 _axviii,438p. ; 23cm.
350 _a55
520 _aIncludes more than 40 papers on construction conflict, claims litigation and arbitration, alternative dispute resolution and the education of construction professionals.
650 _aALTERNATIVE DISPUTE RESOLUTION
650 _aMANAGEMENT-DISPUTE AVOIDANCE, MANAGEMENT AND RESOLUTION-DISPUTE MANAGEMENT AND RESOLUTION-ARBITRATION
650 _aAUSTRALIA
650 _aBUILT ENVIRONMENT-BUILDING CONTRACT FORMS
650 _aBUILDING INDUSTRY
650 _aCLAIMS
650 _aCONFLICT MANAGEMENT
650 _aCONSTRUCTION CONFLICT
650 _aFRANCE
650 _aSAUDI ARABIA
650 _aUNITES STATES OF AMERICA
690 _aBUILT ENVIRONMENT
700 _aFenn, Peter & Gameson, Rod,
_xEditor
942 _n0
948 _c04/03/1997
999 _c89120
_d89120